Fundamentals of statistics (Record no. 63380)

MARC details
000 -LEADER
fixed length control field 00740nam a2200181 a 4500
008 - FIXED-LENGTH DATA ELEMENTS--GENERAL INFORMATION
fixed length control field 120416s1968 ||||||||||||||||| || u
020 ## - INTERNATIONAL STANDARD BOOK NUMBER
International Standard Book Number 0408492007
050 ## - LIBRARY OF CONGRESS CALL NUMBER
Classification number QA 276 Mul
100 ## - MAIN ENTRY--PERSONAL NAME
Personal name Mulholland, H
245 10 - TITLE STATEMENT
Title Fundamentals of statistics
260 ## - PUBLICATION, DISTRIBUTION, ETC.
Place of publication, distribution, etc. London
Name of publisher, distributor, etc. Butterworths
Date of publication, distribution, etc. 1968
300 ## - PHYSICAL DESCRIPTION
Extent x, 291p. : ill.
350 ## -
-- 0.00
650 ## - SUBJECT ADDED ENTRY--TOPICAL TERM
Topical term or geographic name entry element DISTRIBUTION (PROBABILITY THEORY)
650 #0 - SUBJECT ADDED ENTRY--TOPICAL TERM
Topical term or geographic name entry element MATHEMATICAL STATISTICS
995 ## -
-- TEXTBOOKS (SB)
-- 0.00
-- 01337
-- CBU-SCHOOL TEXTBOOK COLLECTIONS
-- 1
-- 0.00
-- SCHOOL TEXTBOOK
-- 2
-- AVAILABLE
-- Sep 23, 2009
-- 01337
-- School Collections
995 ## -
-- MAIN LIBRARY OPEN ACCESS
-- 0.00
-- 726502
-- CBU-MAIN LIBRARY (Kitwe)
-- 1
-- 0.00
-- QA 276 Mul
-- 1
-- AVAILABLE
-- 011503
-- Main Library Open Access Collection
999 ## -
-- 63380
-- 63380
Holdings
Withdrawn status Lost status Source of classification or shelving scheme Damaged status Not for loan Permanent Location Current Location Shelving location Date acquired Total Checkouts Full call number Barcode Date last seen Price effective from Koha item type
          CBU-MAIN LIBRARY, KITWE. CBU-MAIN LIBRARY, KITWE.   12/24/2022   QA 276 Mul 011503 12/24/2022 12/24/2022 MONOGRAPH
          CBU-SCHOOL TEXT BOOK COLLECTION CBU-SCHOOL TEXT BOOK COLLECTION   12/24/2022   SCHOOL TEXTBOOK 01337 12/24/2022 12/24/2022 MONOGRAPH